00696nam a2200193 a 450000100100000000500170001000800410002702000150006804000250008308200160010810000300012424501150015426000510026930000280032050000630034850400320041170000310044370000280047400002219920200930011627.0100920s19uu dr a 001 0 spa d a9945000098 aDO-SdBNPbspacBNPHU axxxxbL961e1 aLuna Huggins, Rosa Ana de10aEso soy, adolescente /cRosa Ana de Luna Huggins; prólogo Marino Contreras ; ilustración Omar D.Alexander. a[Santo Domingo] :bEditorial Dahiana,c[198?]. a124 p. :bil. ;c21 cm. aIncluye datos biográficos del autor en la contracubierta aBibliografía : p. 123-1241 aContreras, Marinoepról.1 aAlexander, Omar D.eil.